Charakteristika a špecifiká súčasného stavu elektronického podnikania
Charakteristika a špecifiká elektronického podnikania na Slovensku. Využitie základných informačných technológií pre podnikanie. Poslanie elektronického podnikania z pohľadu organizácie.
Uložené v:
| Hlavný autor: | |
|---|---|
| Médium: | Kapitola |
| Jazyk: | Slovak |
| Predmet: | |
| Tagy: |
Žiadne tagy, Buďte prvý, kto otaguje tento záznam!
|
MARC
| LEADER | 00000naa$a2200000$$$4500 | ||
|---|---|---|---|
| 001 | 0066049 | ||
| 005 | 20240502071801.7 | ||
| 041 | 0 | |a slo | |
| 044 | |a SK | ||
| 245 | 1 | 0 | |a Charakteristika a špecifiká súčasného stavu elektronického podnikania |c Mária Szivósová |
| 520 | |a Charakteristika a špecifiká elektronického podnikania na Slovensku. Využitie základných informačných technológií pre podnikanie. Poslanie elektronického podnikania z pohľadu organizácie. | ||
| 610 | 2 | 0 | |a Slovensko |
| 610 | 2 | 0 | |a podnik |
| 610 | 2 | 0 | |a technológie informačné |
| 610 | 2 | 0 | |a technológie komunikačné |
| 610 | 2 | 0 | |a podnikanie elektronické |
| 100 | 1 | |a Szivósová, Mária, 1958- | |